| 000 | 01067nam0a2200313 4500 | ||
|---|---|---|---|
| 001 | RU\NLR\bibl\1781931 | ||
| 005 | 20250616135123.0 | ||
| 010 |
_a978-5-17-069666-6 _bАСТ _93000 |
||
| 021 |
_aRU _b2011-39926 _92842 |
||
| 035 | _a(nilc)RSL-KNO-004886943 | ||
| 035 | _a(NLR Aleph) 001772680 | ||
| 090 |
_a1647776 _c1647776 |
||
| 100 | _a20110214d2010 |||y0rusy50 ca | ||
| 101 | 1 |
_arus _ceng |
|
| 102 | _aRU | ||
| 105 | _aa ||||||||| | ||
| 200 | 1 |
_aРисуем людей _f[пер. с англ. С. Маслова _fотв. ред.: Е. Розанова] |
|
| 210 |
_aМосква _cАстрель _d2010 |
||
| 215 |
_a320 с. _cил., портр. _d22 |
||
| 606 | 1 |
_aРисование человека _jРуководства, пособия и т.п. _91516731 _3RU\NLR\auth\66960874 |
|
| 686 |
_aЩ15я787-1 _2rubbk |
||
| 686 | _aЩ150.844я787 | ||
| 702 | 1 |
_aРозанова _bЕ. С. _4340 |
|
| 801 | 0 |
_aRU _bRuMoRKP _c20110214 _grcr |
|
| 801 | 1 |
_aRU _bРГБ _c20110214 |
|
| 801 | 2 |
_aRU _bNLR _c20110622 _grcr |
|
| 942 | _cBOOK | ||
| 980 | _aNB | ||